[Event "50059_3e_Open_A_des_Herbiers_2020"]
[Site "85 - LES HERBIERS"]
[Date "2020.01.04"]
[Round "1.1"]
[White "Jaulin, Philippe"]
[Black "Perrin, Antoine"]
[Result "1-0"]
[WhiteElo "2084"]
[BlackElo "1913"]
[PlyCount "111"]
[EventDate "2020.??.??"]
[WhiteTeam "Cercle d'échecs des Sables d'Olonne"]
[BlackTeam "Jade Echecs - Pornic"]

1. e4 c5 2. Nf3 d6 3. d4 cxd4 4. Nxd4 Nf6 5. Nc3 a6 6. Be2 e6 7. g4 h6 8. Rg1
g5 9. Be3 Nbd7 10. Qd2 Ne5 11. h4 gxh4 12. g5 hxg5 13. Bxg5 Be7 14. f4 Nc6 15.
O-O-O Qb6 16. Nf3 Qc7 17. Qe3 b5 18. e5 dxe5 19. fxe5 Nd7 20. Bxe7 Nxe7 21. Ne4
Nf5 22. Qg5 Bb7 23. Nd6+ Nxd6 24. exd6 Qd8 25. Qe3 Qf6 26. Ng5 Qe5 27. Qd2 f6
28. Nf3 Qd5 29. Qa5 Qe4 30. Nd4 Rc8 31. Bd3 Qf4+ 32. Kb1 Qxd6 33. Bg6+ Kf8 34.
Nxb5 Qc5 35. Qe1 Bd5 36. Nc3 Ne5 37. Nxd5 Nxg6 38. Qxe6 Qxc2+ 39. Ka1 Rc6 40.
Qe3 Rh5 41. Nc3 Rc8 42. Rc1 Qf5 43. Rgf1 Qe5 44. Qb6 h3 45. Rxf6+ Ke7 46. Rxg6
h2 47. Qb7+ Rc7 48. Rg7+ Qxg7 49. Qxc7+ Kf6 50. Ne4+ Kg6 51. Rc6+ Kf5 52. Nd6+
Kf4 53. Rc4+ Kf3 54. Qc6+ Ke3 55. Qe4+ Kf2 56. Rc2+ 1-0

[Event "50059_3e_Open_A_des_Herbiers_2020"]
[Site "85 - LES HERBIERS"]
[Date "2020.01.04"]
[Round "1.2"]
[White "Cassard, Maxime"]
[Black "Flachet, Thierry"]
[Result "0-1"]
[WhiteElo "1860"]
[BlackElo "2064"]
[PlyCount "78"]
[EventDate "2020.??.??"]
[WhiteTeam "Jade Echecs - Pornic"]
[BlackTeam "Cercle d'échecs des Sables d'Olonne"]

1. e4 e6 2. d4 d5 3. Nc3 Nf6 4. e5 Nfd7 5. f4 c5 6. Nf3 Nc6 7. Be3 a6 8. dxc5
Bxc5 9. Nd4 O-O 10. Be2 Nxd4 11. Bxd4 b5 12. Bf3 Qb6 13. Ne2 b4 14. O-O a5 15.
Qd2 Ba6 16. Rfd1 Rac8 17. c3 Bxe2 18. Bxe2 bxc3 19. bxc3 Rb8 20. Qe3 Rfc8 21.
Bd3 Qc7 22. Rab1 g6 23. Bb5 Bf8 24. Ba6 Rxb1 25. Rxb1 Rb8 26. Bb5 Nc5 27. h3
Ne4 28. a4 Bc5 29. Rc1 Qa7 30. Kh2 Rc8 31. Rb1 Rc7 32. Qd3 Kg7 33. Bxc5 Qxc5
34. c4 Nf2 35. Qe2 dxc4 36. Bxc4 Nxh3 37. gxh3 Qxc4 38. Qf2 Qxa4 39. Rf1 Rc2
0-1

[Event "50059_3e_Open_A_des_Herbiers_2020"]
[Site "85 - LES HERBIERS"]
[Date "2020.01.04"]
[Round "1.3"]
[White "Lambert, Thomas"]
[Black "Barbot, Dominique"]
[Result "1-0"]
[WhiteElo "1974"]
[BlackElo "1783"]
[PlyCount "52"]
[EventDate "2020.??.??"]
[WhiteTeam "Rennes Paul Bert"]
[BlackTeam "Rois et Dames des Trois Cites"]

1. e4 c6 2. d4 d6 3. f4 Nf6 4. Nc3 g6 5. Nf3 Bg7 6. Bd3 Nbd7 7. e5 dxe5 8. fxe5
Nd5 9. Nxd5 cxd5 10. O-O Qb6 11. Kh1 h6 12. Qe1 Nf8 13. c4 Be6 14. c5 Qc7 15.
Bd2 a6 16. Ba5 Qc6 17. a4 Bg4 18. b4 Ne6 19. b5 Qc8 20. bxa6 bxa6 21. Qg3 Bh5
22. Qh4 Bxf3 23. Rxf3 g5 24. Qg4 Qd7 25. Rxf7 Kxf7 26. Rf1+ Ke8 1-0

[Event "50059_3e_Open_A_des_Herbiers_2020"]
[Site "85 - LES HERBIERS"]
[Date "2020.01.04"]
[Round "1.4"]
[White "Limousin, Eric"]
[Black "Henry, Florent"]
[Result "1-0"]
[WhiteElo "1719"]
[BlackElo "1965"]
[PlyCount "55"]
[EventDate "2020.??.??"]
[WhiteTeam "Club Echecs La Roche sur Yon"]
[BlackTeam "Cercle d'échecs des Sables d'Olonne"]

1. d4 f5 2. c4 Nf6 3. Nc3 e6 4. g3 Be7 5. Bg2 d6 6. Nf3 O-O 7. O-O Nbd7 8. b3
Qe8 9. e3 c6 10. Qc2 Bd8 11. Ba3 Ba5 12. Bxd6 Bxc3 13. Qxc3 Ne4 14. Qb4 a5 15.
Qa3 Nxd6 16. Qxd6 Ra6 17. Qa3 e5 18. dxe5 Nxe5 19. Nxe5 Qxe5 20. Rad1 Be6 21.
Qd6 Qxd6 22. Rxd6 Kf7 23. Rfd1 Re8 24. c5 a4 25. Bf1 b5 26. Bxb5 Ra5 27. Bxc6
Re7 28. b4 1-0

[Event "50059_3e_Open_A_des_Herbiers_2020"]
[Site "85 - LES HERBIERS"]
[Date "2020.01.04"]
[Round "1.5"]
[White "Cristescu, Florin"]
[Black "Poplin, David"]
[Result "1-0"]
[WhiteElo "1918"]
[BlackElo "1682"]
[PlyCount "67"]
[EventDate "2020.??.??"]
[WhiteTeam "Cavalier Noir les Herbiers Echecs"]
[BlackTeam "Club d'Echecs de la Bruffière"]

1. g4 c5 2. Bg2 Nc6 3. Nf3 d5 4. g5 e5 5. d3 h6 6. c4 d4 7. h4 hxg5 8. Bxg5 Be7
9. a4 Bxg5 10. hxg5 Rxh1+ 11. Bxh1 Nge7 12. a5 Qd7 13. Kd2 a6 14. Kc1 Ng6 15.
Nbd2 Qe7 16. Ne4 Bf5 17. Ng3 Bg4 18. Ne4 Nf4 19. Kd2 Nb4 20. Qa4+ Bd7 21. Qb3
Bc6 22. Nh4 Bxe4 23. Bxe4 Qxg5 24. Qa4+ Kd8 25. Nf3 Qe7 26. Rh1 Kc7 27. Rh7 Qf6
28. Qd1 Rg8 29. Qh1 g6 30. Bxb7 Ne6 31. Bd5 Rf8 32. Qh6 Rb8 33. Bxe6 Qxe6 34.
Ng5 1-0

[Event "50059_3e_Open_A_des_Herbiers_2020"]
[Site "85 - LES HERBIERS"]
[Date "2020.01.04"]
[Round "1.6"]
[White "Rineau, Nathan"]
[Black "Maugin, Narada"]
[Result "0-1"]
[WhiteElo "1652"]
[BlackElo "1916"]
[PlyCount "114"]
[EventDate "2020.??.??"]
[WhiteTeam "Club d'Echecs de Gorges - Clisson"]
[BlackTeam "L'Echiquier Angevin"]

1. c4 e5 2. Nc3 Nc6 3. g3 Bc5 4. Bg2 d6 5. e3 a6 6. Nge2 Ba7 7. O-O h5 8. d4 h4
9. Bxc6+ bxc6 10. dxe5 Bh3 11. Re1 hxg3 12. fxg3 Nh6 13. exd6 cxd6 14. Ne4 Nf5
15. Nf4 Qe7 16. Nf2 O-O-O 17. N4xh3 Kb8 18. Qg4 g6 19. e4 Nd4 20. Rd1 f5 21.
exf5 gxf5 22. Qg5 Nf3+ 23. Kg2 Nxg5 24. Bxg5 Qh7 25. Bxd8 Rxd8 26. Ng5 Qg6 27.
h4 Be3 28. Nfh3 f4 29. Nxf4 Bxf4 30. gxf4 Qc2+ 31. Kg3 d5 32. cxd5 cxd5 33. h5
Rh8 34. Rh1 Qd3+ 35. Kf2 d4 36. Raf1 Qe3+ 37. Kg2 Rf8 38. h6 Rxf4 39. Rxf4 Qxf4
40. h7 Qxg5+ 41. Kf1 Qf4+ 42. Kg1 Qc1+ 43. Kg2 Qxb2+ 44. Kg3 Qc3+ 45. Kg4 Qc8+
46. Kg3 Qh8 47. Kf4 Kc7 48. Kg3 Kd6 49. Kf2 Kc5 50. Ke1 Qe8+ 51. Kf2 Qe3+ 52.
Kg2 Qe2+ 53. Kg3 Qe5+ 54. Kf2 Qh8 55. Rh3 d3 56. Rxd3 Qxh7 57. Re3 Qh2+ 0-1

[Event "50059_3e_Open_A_des_Herbiers_2020"]
[Site "85 - LES HERBIERS"]
[Date "2020.01.04"]
[Round "2.1"]
[White "Cristescu, Florin"]
[Black "Jaulin, Philippe"]
[Result "0-1"]
[WhiteElo "1918"]
[BlackElo "2084"]
[Annotator "jeanluc"]
[PlyCount "43"]
[EventDate "2020.??.??"]
[WhiteTeam "Cavalier Noir les Herbiers Echecs"]
[BlackTeam "Cercle d'échecs des Sables d'Olonne"]

1. d4 Nf6 2. c4 g6 3. Nc3 d5 4. Nf3 Bg7 5. Bf4 c5 6. e3 cxd4 7. Nxd4 O-O 8.
Bxb8 Rxb8 9. Be2 dxc4 10. Bxc4 Qb6 11. Qb3 Qc5 12. a4 Bd7 13. Rc1 Rbc8 14. Ncb5
Qg5 15. O-O Bh3 16. g3 a6 17. f4 Qh6 18. Bxf7+ Rxf7 19. Rxc8+ Bxc8 20. Rc1 {(=)
} Bd7 21. Nc7 Ng4 22. Nf3 0-1

[Event "50059_3e_Open_A_des_Herbiers_2020"]
[Site "85 - LES HERBIERS"]
[Date "2020.01.04"]
[Round "2.2"]
[White "Flachet, Thierry"]
[Black "Limousin, Eric"]
[Result "1-0"]
[WhiteElo "2064"]
[BlackElo "1719"]
[Annotator "jeanluc"]
[PlyCount "93"]
[EventDate "2020.??.??"]
[WhiteTeam "Cercle d'échecs des Sables d'Olonne"]
[BlackTeam "Club Echecs La Roche sur Yon"]

1. Nf3 d5 2. d4 Nf6 3. c4 c6 4. Qc2 e6 5. Bg5 Be7 6. Nbd2 dxc4 7. Nxc4 Bb4+ 8.
Ncd2 Nbd7 9. e3 Qa5 10. Bd3 Bxd2+ 11. Qxd2 Qxd2+ 12. Kxd2 b6 13. Rac1 Bb7 14.
b4 Nd5 15. a3 h6 16. Bh4 g5 17. Bg3 Ke7 18. e4 N5f6 19. Ne5 Nxe5 20. Bxe5 Rhd8
21. f3 Ne8 22. Ke3 f6 23. Bg3 Rd7 24. Rhd1 Rad8 25. Be2 f5 26. Be5 Nd6 27.
Bxd6+ Rxd6 {(=)} 28. g3 fxe4 29. fxe4 Rf8 30. Bf3 e5 31. dxe5 Rxd1 32. Rxd1 Ke6
33. Rd6+ Kxe5 34. Rxh6 c5 35. bxc5 bxc5 36. Rh5 Kf6 37. h4 gxh4 38. Rf5+ Ke7
39. Rxf8 Kxf8 40. gxh4 Ke7 41. Be2 Kf6 42. Kf4 Bc6 43. h5 Be8 44. e5+ Kg7 45.
Kg5 Bf7 46. h6+ Kh8 47. Kf6 1-0

[Event "50059_3e_Open_A_des_Herbiers_2020"]
[Site "85 - LES HERBIERS"]
[Date "2020.01.04"]
[Round "2.3"]
[White "Maugin, Narada"]
[Black "Lambert, Thomas"]
[Result "1-0"]
[WhiteElo "1916"]
[BlackElo "1974"]
[PlyCount "69"]
[EventDate "2020.??.??"]
[WhiteTeam "L'Echiquier Angevin"]
[BlackTeam "Rennes Paul Bert"]

1. e4 e5 2. Nf3 Nc6 3. d4 exd4 4. Nxd4 Bc5 5. Nb3 Bb6 6. Nc3 Nf6 7. Qe2 O-O 8.
Bg5 h6 9. Bh4 g5 10. Bg3 Re8 11. O-O-O d6 12. h4 Bg4 13. f3 Nh5 14. Bh2 Be6 15.
Qd2 a5 16. Bb5 Qf6 17. hxg5 hxg5 18. Bxd6 Ng7 19. Bxc6 bxc6 20. Ba3 Qe5 21. Na4
Bxb3 22. axb3 Ne6 23. Nxb6 cxb6 24. Bd6 Qf6 25. e5 Qf4 26. g3 Qxd2+ 27. Rxd2 a4
28. bxa4 Rxa4 29. Rdh2 Rea8 30. Rh8+ Kg7 31. R1h7+ Kg6 32. Rh6+ Kg7 33. R8h7+
Kg8 34. Be7 Rd4 35. Rh8+ 1-0

[Event "50059_3e_Open_A_des_Herbiers_2020"]
[Site "85 - LES HERBIERS"]
[Date "2020.01.04"]
[Round "2.4"]
[White "Henry, Florent"]
[Black "Barbot, Dominique"]
[Result "1-0"]
[WhiteElo "1965"]
[BlackElo "1783"]
[PlyCount "55"]
[EventDate "2020.??.??"]
[WhiteTeam "Cercle d'échecs des Sables d'Olonne"]
[BlackTeam "Rois et Dames des Trois Cites"]

1. e4 c6 2. Nc3 d6 3. d4 Nf6 4. Be2 g6 5. g4 h6 6. h4 Bg7 7. h5 g5 8. f4 gxf4
9. Bxf4 Qa5 10. Bd2 Qb6 11. e5 Nd5 12. exd6 Bxd4 13. Nxd5 Bf2+ 14. Kf1 cxd5 15.
dxe7 Qf6 16. Bb5+ Nc6 17. Qf3 Bd4 18. c3 Be5 19. Re1 Bxg4 20. Qxf6 Bxf6 21. Nh3
Bxe7 22. Nf4 Bf3 23. Rh3 Be4 24. c4 a6 25. cxd5 axb5 26. Rxe4 Kd7 27. dxc6+
bxc6 28. Rd3+ 1-0

[Event "50059_3e_Open_A_des_Herbiers_2020"]
[Site "85 - LES HERBIERS"]
[Date "2020.01.04"]
[Round "2.5"]
[White "Perrin, Antoine"]
[Black "Rineau, Nathan"]
[Result "1-0"]
[WhiteElo "1913"]
[BlackElo "1652"]
[PlyCount "111"]
[EventDate "2020.??.??"]
[WhiteTeam "Jade Echecs - Pornic"]
[BlackTeam "Club d'Echecs de Gorges - Clisson"]

1. e4 c6 2. d4 d5 3. Nc3 dxe4 4. Nxe4 Bf5 5. Ng3 Bg6 6. h4 h6 7. Nf3 Nd7 8. h5
Bh7 9. Bd3 Bxd3 10. Qxd3 e6 11. Bd2 Ngf6 12. O-O-O Qc7 13. Nf1 O-O-O 14. g3 c5
15. Bf4 Bd6 16. Bxd6 Qxd6 17. Ne3 cxd4 18. Qc4+ Qc6 19. Qxc6+ bxc6 20. Rxd4 Kc7
21. Nc4 Nb6 22. Nce5 Rdf8 23. a4 c5 24. Rdh4 Nbd7 25. Rc4 Nxe5 26. Rxc5+ Nc6
27. Nd4 Kd6 28. Rxc6+ Kd5 29. Rd1 e5 30. c4+ Ke4 31. Nb5 Kf3 32. Re1 Re8 33.
Nc3 Kxf2 34. Re2+ Kxg3 35. Rc7 Rhf8 36. Rxa7 Nxh5 37. Rd7 Nf4 38. Re1 Kf2 39.
Kd2 Rd8 40. Ne4+ Kf3 41. Re3+ Kg2 42. Rxd8 Rxd8+ 43. Kc2 f5 44. Nd2 e4 45. a5
h5 46. Re1 h4 47. a6 h3 48. Nf1 h2 49. Nxh2 Kxh2 50. b4 g5 51. b5 Ne6 52. b6
Nc5 53. a7 g4 54. Rd1 Ra8 55. Rd5 g3 56. Rxc5 1-0

[Event "50059_3e_Open_A_des_Herbiers_2020"]
[Site "85 - LES HERBIERS"]
[Date "2020.01.04"]
[Round "2.6"]
[White "Poplin, David"]
[Black "Cassard, Maxime"]
[Result "0-1"]
[WhiteElo "1682"]
[BlackElo "1860"]
[PlyCount "52"]
[EventDate "2020.??.??"]
[WhiteTeam "Club d'Echecs de la Bruffière"]
[BlackTeam "Jade Echecs - Pornic"]

1. e4 e5 2. Nf3 Nc6 3. d4 exd4 4. Bc4 Nf6 5. e5 d5 6. Bb5 Ne4 7. Nxd4 Bc5 8.
Be3 O-O 9. Bxc6 bxc6 10. O-O Qe8 11. f3 Nf6 12. f4 Ng4 13. Re1 f6 14. h3 fxe5
15. hxg4 exd4 16. Bf2 Qg6 17. f5 Qh6 18. Bxd4 Bd6 19. Be5 Bxe5 20. Rxe5 Qf4 21.
Re7 h5 22. gxh5 Bxf5 23. Nc3 d4 24. Na4 d3 25. cxd3 Qd4+ 26. Kh1 Qh4+ 0-1

[Event "50059_3e_Open_A_des_Herbiers_2020"]
[Site "85 - LES HERBIERS"]
[Date "2020.01.04"]
[Round "3.1"]
[White "Jaulin, Philippe"]
[Black "Flachet, Thierry"]
[Result "1/2-1/2"]
[WhiteElo "2084"]
[BlackElo "2064"]
[PlyCount "41"]
[EventDate "2020.??.??"]
[WhiteTeam "Cercle d'échecs des Sables d'Olonne"]
[BlackTeam "Cercle d'échecs des Sables d'Olonne"]

1. e4 e6 2. d4 d5 3. exd5 exd5 4. Nf3 Nf6 5. Bd3 Bd6 6. O-O O-O 7. c3 c6 8. Bg5
Bg4 9. Nbd2 Nbd7 10. Qc2 Qc7 11. Rfe1 Rfe8 12. h3 Bh5 13. Nh4 Bg6 14. Nxg6 hxg6
15. Bxf6 Nxf6 16. Nf3 Rxe1+ 17. Rxe1 Re8 18. Rxe8+ Nxe8 19. Qe2 Qe7 20. Qxe7
Bxe7 21. Kf1 1/2-1/2

[Event "50059_3e_Open_A_des_Herbiers_2020"]
[Site "85 - LES HERBIERS"]
[Date "2020.01.04"]
[Round "3.2"]
[White "Cassard, Maxime"]
[Black "Maugin, Narada"]
[Result "1-0"]
[WhiteElo "1860"]
[BlackElo "1916"]
[PlyCount "51"]
[EventDate "2020.??.??"]
[WhiteTeam "Jade Echecs - Pornic"]
[BlackTeam "L'Echiquier Angevin"]

1. e4 c5 2. Nf3 d6 3. d4 cxd4 4. Nxd4 Nf6 5. Nc3 g6 6. f3 Bg7 7. Be3 O-O 8. Qd2
Nc6 9. O-O-O d5 10. Nxc6 bxc6 11. exd5 cxd5 12. Nxd5 Nxd5 13. Qxd5 Qc7 14. Qc5
Qb7 15. Bd4 Bf5 16. Qb5 Qc7 17. Qc5 Qf4+ 18. Be3 Qa4 19. Bb5 Qxa2 20. Qa3 Rfc8
21. Rd8+ Bf8 22. Rxc8 Qxa3 23. Rxf8+ Kxf8 24. bxa3 Rc8 25. c4 Bd3 26. Bxa7 1-0

[Event "50059_3e_Open_A_des_Herbiers_2020"]
[Site "85 - LES HERBIERS"]
[Date "2020.01.04"]
[Round "3.3"]
[White "Lambert, Thomas"]
[Black "Henry, Florent"]
[Result "1-0"]
[WhiteElo "1974"]
[BlackElo "1965"]
[PlyCount "97"]
[EventDate "2020.??.??"]
[WhiteTeam "Rennes Paul Bert"]
[BlackTeam "Cercle d'échecs des Sables d'Olonne"]

1. e4 c6 2. d4 d5 3. Nc3 dxe4 4. Nxe4 Nd7 5. Bc4 e6 6. Qe2 Ngf6 7. Ng5 Nb6 8.
Bd3 h6 9. N5f3 c5 10. c3 cxd4 11. Nxd4 Be7 12. Ngf3 a6 13. Bf4 Qd5 14. O-O O-O
15. Rfd1 Qh5 16. c4 Re8 17. a4 Nbd7 18. Rab1 Bc5 19. Nb3 e5 20. Nxe5 Bxf2+ 21.
Kxf2 Nxe5 22. Qxh5 Nxh5 23. Bxe5 Rxe5 24. Be2 Be6 25. Nd4 Nf4 26. Bf3 Bxc4 27.
Bxb7 Rd8 28. b3 Nd3+ 29. Kg1 Rxd4 30. bxc4 a5 31. Rb5 f6 32. Rd5 Rexd5 33.
Bxd5+ Kf8 34. g3 Ke7 35. Kf1 Rxd5 36. cxd5 Nb4 37. d6+ Kd7 38. Kf2 Na6 39. Rd5
Nb8 40. Rxa5 Kxd6 41. Rb5 Nd7 42. a5 Kc6 43. Rb1 Ne5 44. Ke3 Kd5 45. Kf4 g6 46.
Rb6 Nd7 47. Rb7 Kc6 48. a6 Nc5 49. Rf7 1-0

[Event "50059_3e_Open_A_des_Herbiers_2020"]
[Site "85 - LES HERBIERS"]
[Date "2020.01.04"]
[Round "3.4"]
[White "Limousin, Eric"]
[Black "Cristescu, Florin"]
[Result "1-0"]
[WhiteElo "1719"]
[BlackElo "1918"]
[PlyCount "125"]
[EventDate "2020.??.??"]
[WhiteTeam "Club Echecs La Roche sur Yon"]
[BlackTeam "Cavalier Noir les Herbiers Echecs"]

1. d4 d5 2. Nf3 e6 3. c4 c6 4. Nc3 dxc4 5. a4 Bb4 6. e3 b5 7. axb5 Bxc3+ 8.
bxc3 cxb5 9. Ne5 Bb7 10. Qg4 g6 11. Be2 h5 12. Qf4 Qf6 13. Qg3 h4 14. Qh3 a6
15. Ba3 Nc6 16. Bd6 O-O-O 17. Nxc6 Rxd6 18. Ne5 Nh6 19. f4 g5 20. Bf3 gxf4 21.
Bxb7+ Kxb7 22. Qf3+ Kc7 23. O-O Rg8 24. Rfb1 h3 25. Rxb5 Rxg2+ 26. Kh1 Rg1+ 27.
Kxg1 Qg7+ 28. Ng4 Rd5 29. Rxd5 exd5 30. Qxf4+ Kd7 31. Rxa6 Qxg4+ 32. Qxg4+ Nxg4
33. Ra8 Nf6 34. Kf1 Ng4 35. Ke2 Nxh2 36. Rh8 Ng4 37. Rxh3 f5 38. Rh7+ Ke6 39.
Ra7 Nf6 40. Ra6+ Ke7 41. Kf3 Ne4 42. Ra3 Nd2+ 43. Kf4 Nb1 44. Ra7+ Ke6 45. Ra6+
Ke7 46. Kxf5 Nxc3 47. Ke5 Kd7 48. Ra1 Kc6 49. Rc1 Na2 50. Rc2 Nb4 51. Rc3 Na2
52. Ra3 Nb4 53. e4 Nd3+ 54. Kf5 Nb4 55. Ra5 Kb6 56. Rc5 Nc6 57. Ke6 dxe4 58.
Rxc4 e3 59. d5 Na5 60. Re4 Nb7 61. Rxe3 Kc7 62. d6+ Kd8 63. Rc3 1-0

[Event "50059_3e_Open_A_des_Herbiers_2020"]
[Site "85 - LES HERBIERS"]
[Date "2020.01.04"]
[Round "3.5"]
[White "Barbot, Dominique"]
[Black "Perrin, Antoine"]
[Result "0-1"]
[WhiteElo "1783"]
[BlackElo "1913"]
[PlyCount "60"]
[EventDate "2020.??.??"]
[WhiteTeam "Rois et Dames des Trois Cites"]
[BlackTeam "Jade Echecs - Pornic"]

1. d4 Nf6 2. Bf4 g6 3. Nf3 Bg7 4. c3 O-O 5. Nbd2 d6 6. e3 Nbd7 7. Be2 b6 8. Qc2
Bb7 9. h4 Qe8 10. O-O-O e5 11. dxe5 dxe5 12. Bg3 Qe7 13. h5 Rfe8 14. hxg6 hxg6
15. Bc4 Bd5 16. Bh4 Bxc4 17. Nxc4 Qc5 18. Qb3 e4 19. Ng5 Qf8 20. Bg3 Nc5 21.
Qc2 Qe7 22. Ne5 Nh5 23. Nexf7 Nxg3 24. fxg3 Nd3+ 25. Kb1 Rf8 26. Rdf1 Bf6 27.
Rxf6 Qxf6 28. Qb3 Nc5 29. Nh6+ Kg7 30. Nf5+ gxf5 0-1

[Event "50059_3e_Open_A_des_Herbiers_2020"]
[Site "85 - LES HERBIERS"]
[Date "2020.01.04"]
[Round "3.6"]
[White "Rineau, Nathan"]
[Black "Poplin, David"]
[Result "0-1"]
[WhiteElo "1652"]
[BlackElo "1682"]
[PlyCount "54"]
[EventDate "2020.??.??"]
[WhiteTeam "Club d'Echecs de Gorges - Clisson"]
[BlackTeam "Club d'Echecs de la Bruffière"]

1. c4 Nf6 2. Nc3 c5 3. Nf3 d5 4. cxd5 Nxd5 5. g3 Nc6 6. Bg2 Nc7 7. d3 e5 8. O-O
Be7 9. Bd2 Be6 10. Qa4 O-O 11. Rfc1 Bd7 12. Ne4 Nd4 13. Qd1 Nxf3+ 14. Bxf3 b6
15. a3 Ne6 16. b4 Nd4 17. bxc5 f5 18. Ng5 Bxg5 19. Bxa8 Qxa8 20. Bxg5 f4 21.
cxb6 axb6 22. Rc7 Bh3 23. f3 fxg3 24. hxg3 Nxf3+ 25. exf3 Rxf3 26. Qb3+ Kh8 27.
Ra7 Rf1+ 0-1

[Event "50059_3e_Open_A_des_Herbiers_2020"]
[Site "85 - LES HERBIERS"]
[Date "2020.01.05"]
[Round "4.1"]
[White "Maugin, Narada"]
[Black "Jaulin, Philippe"]
[Result "1-0"]
[WhiteElo "1916"]
[BlackElo "2084"]
[PlyCount "61"]
[EventDate "2020.??.??"]
[WhiteTeam "L'Echiquier Angevin"]
[BlackTeam "Cercle d'échecs des Sables d'Olonne"]

1. e4 c5 2. Nf3 e6 3. d4 cxd4 4. Nxd4 Bc5 5. Nb3 Bb6 6. Nc3 a6 7. Bf4 Ne7 8.
Qd6 Nbc6 9. Nc5 e5 10. Bg3 Bc7 11. Qd2 d6 12. Nb3 O-O 13. O-O-O b5 14. Be2 Na5
15. Nxa5 Bxa5 16. Qxd6 Qxd6 17. Rxd6 Bxc3 18. bxc3 Ng6 19. Rhd1 Be6 20. Kb2
Rfc8 21. h3 Kf8 22. Bg4 Bxg4 23. hxg4 Ke8 24. R6d5 f6 25. Rd7 Rc4 26. Rxg7 Nf8
27. Bh4 Rc6 28. g5 Ng6 29. Rg8+ Kf7 30. Rxa8 Nxh4 31. Rd7+ 1-0

[Event "50059_3e_Open_A_des_Herbiers_2020"]
[Site "85 - LES HERBIERS"]
[Date "2020.01.05"]
[Round "4.2"]
[White "Flachet, Thierry"]
[Black "Lambert, Thomas"]
[Result "1/2-1/2"]
[WhiteElo "2064"]
[BlackElo "1974"]
[PlyCount "101"]
[EventDate "2020.??.??"]
[WhiteTeam "Cercle d'échecs des Sables d'Olonne"]
[BlackTeam "Rennes Paul Bert"]

1. Nf3 Nf6 2. c4 b6 3. g3 Bb7 4. Bg2 g6 5. O-O Bg7 6. Nc3 O-O 7. Re1 Ne4 8.
Nxe4 Bxe4 9. d3 Bb7 10. e4 d6 11. d4 e5 12. d5 Qe8 13. Be3 a5 14. b3 Na6 15. a3
Nc5 16. Qc2 f5 17. Ng5 h6 18. b4 f4 19. bxc5 hxg5 20. Bd2 bxc5 21. Rab1 Bc8 22.
Rb5 a4 23. Reb1 Bd7 24. Rb7 Qc8 25. Qd3 g4 26. Bc3 f3 27. Bf1 Bh6 28. Bd2 Bxd2
29. Qxd2 Kg7 30. Qg5 Kf7 31. h3 gxh3 32. Kh2 Rh8 33. Bd3 Rh5 34. Qe3 Bg4 35.
Bc2 Qd8 36. Bd1 Rh8 37. Bxf3 Bxf3 38. Qxf3+ Kg7 39. Qg4 Rf8 40. f4 exf4 41.
gxf4 Qe7 42. Kxh3 Rh8+ 43. Kg3 Rh5 44. Rg1 Qxe4 45. Rxc7+ Kf6 46. Qe6+ Qxe6 47.
dxe6 Rah8 48. Re1 Rh3+ 49. Kg2 Rh2+ 50. Kg3 R2h3+ 51. Kg2 1/2-1/2

[Event "50059_3e_Open_A_des_Herbiers_2020"]
[Site "85 - LES HERBIERS"]
[Date "2020.01.05"]
[Round "4.3"]
[White "Perrin, Antoine"]
[Black "Cassard, Maxime"]
[Result "1/2-1/2"]
[WhiteElo "1913"]
[BlackElo "1860"]
[PlyCount "78"]
[EventDate "2020.??.??"]
[WhiteTeam "Jade Echecs - Pornic"]
[BlackTeam "Jade Echecs - Pornic"]

1. e4 e5 2. Nf3 Nc6 3. Bb5 a6 4. Ba4 Nf6 5. O-O b5 6. Bb3 Bc5 7. Re1 d6 8. c3
Bb6 9. h3 O-O 10. d4 exd4 11. cxd4 Re8 12. Nc3 Bb7 13. Bg5 Na5 14. Nd5 Bxd5 15.
Bxd5 c6 16. Bb3 Nxb3 17. Qxb3 h6 18. Bxf6 Qxf6 19. Rad1 c5 20. a4 Ba5 21. Re2
c4 22. Qc2 Rec8 23. d5 Bb6 24. e5 dxe5 25. Rxe5 Re8 26. Rxe8+ Rxe8 27. axb5
axb5 28. d6 Rd8 29. d7 Qe7 30. Qd2 Bc7 31. Qd5 b4 32. Qxc4 Rxd7 33. Rxd7 Qxd7
34. Qxb4 Qd1+ 35. Qe1 Qb3 36. Qe2 Bd6 37. g3 g6 38. Kg2 Bf8 39. Qd2 Bg7 1/2-1/2

[Event "50059_3e_Open_A_des_Herbiers_2020"]
[Site "85 - LES HERBIERS"]
[Date "2020.01.05"]
[Round "4.4"]
[White "Poplin, David"]
[Black "Limousin, Eric"]
[Result "1-0"]
[WhiteElo "1682"]
[BlackElo "1719"]
[PlyCount "61"]
[EventDate "2020.??.??"]
[WhiteTeam "Club d'Echecs de la Bruffière"]
[BlackTeam "Club Echecs La Roche sur Yon"]

1. e4 e6 2. d4 d5 3. e5 c5 4. dxc5 Bxc5 5. Qg4 Ne7 6. Bd3 O-O 7. Bg5 Qc7 8. Nf3
Ng6 9. Bf4 f5 10. Qg3 Qb6 11. O-O Bxf2+ 12. Rxf2 Qxb2 13. c3 Qxa1 14. Bc1 Nc6
15. Rb2 Na5 16. Nd4 Nc4 17. Bxc4 dxc4 18. Nc2 Qxb2 19. Bxb2 Bd7 20. Ba3 f4 21.
Qe1 Rf5 22. Bd6 f3 23. gxf3 Rxf3 24. Nd4 Rf4 25. h3 Nh4 26. Qg3 Ng6 27. Nd2 Rf7
28. Ne4 Nf4 29. Ng5 Rf5 30. Kh2 Nh5 31. Qh4 1-0

[Event "50059_3e_Open_A_des_Herbiers_2020"]
[Site "85 - LES HERBIERS"]
[Date "2020.01.05"]
[Round "4.5"]
[White "Henry, Florent"]
[Black "Cristescu, Florin"]
[Result "1-0"]
[WhiteElo "1965"]
[BlackElo "1918"]
[PlyCount "51"]
[EventDate "2020.??.??"]
[WhiteTeam "Cercle d'échecs des Sables d'Olonne"]
[BlackTeam "Cavalier Noir les Herbiers Echecs"]

1. e4 e5 2. Nf3 Nc6 3. Bc4 Bc5 4. c3 d6 5. d3 Nf6 6. O-O O-O 7. a4 a6 8. Bb3
Bg4 9. Be3 b5 10. Nbd2 Na5 11. Bc2 Bxe3 12. fxe3 c5 13. Qe1 Nc6 14. Qh4 h6 15.
Qg3 Qd7 16. h3 Bxf3 17. Nxf3 Nh7 18. d4 f6 19. dxc5 dxc5 20. Rfd1 Qc7 21. Nh4
Ne7 22. Qg4 Rad8 23. Qe6+ Kh8 24. Qxe7 Qxe7 25. Ng6+ Kg8 26. Nxe7+ 1-0

[Event "50059_3e_Open_A_des_Herbiers_2020"]
[Site "85 - LES HERBIERS"]
[Date "2020.01.05"]
[Round "4.6"]
[White "Barbot, Dominique"]
[Black "Rineau, Nathan"]
[Result "0-1"]
[WhiteElo "1783"]
[BlackElo "1652"]
[PlyCount "50"]
[EventDate "2020.??.??"]
[WhiteTeam "Rois et Dames des Trois Cites"]
[BlackTeam "Club d'Echecs de Gorges - Clisson"]

1. Nf3 f5 2. d4 Nf6 3. c4 e6 4. Nc3 Bb4 5. a3 Bxc3+ 6. bxc3 b6 7. a4 O-O 8. e3
Ne4 9. Qc2 Bb7 10. Be2 d6 11. a5 Nd7 12. O-O g5 13. Rd1 g4 14. Nd2 Qh4 15. Nxe4
Bxe4 16. Bd3 Nf6 17. Bd2 Bxd3 18. Qxd3 Ne4 19. Be1 Qh5 20. axb6 cxb6 21. g3 Ng5
22. Kf1 Qxh2 23. Rd2 Qh1+ 24. Ke2 Qf3+ 25. Kf1 Ne4 0-1